000 00591nam a2200253Ia 4500
005 20260121153700.0
008 008 260114s9999 xx 000 0 eng d
020 _a9781315849997
037 _aEBOOK
040 _aCRL
040 _beng
040 _cCRL
041 _2eng
041 _aeng
084 _qCRL
100 _aTinbergen, J.
_9997805
245 0 _aSocial Behaviour in Animals
260 _bTaylor and Francis
260 _c1964
856 _uhttp://www.taylorfrancis.com/books/9781315849997
942 _cEBOOK
999 _c1564624
_d1564624